[Event "February 1800+"]
[Site "SchemingMind.com"]
[Date "2015.02.24"]
[Round "-"]
[White "Mirta Crevani"]
[Black "David Perna-Fraser"]
[Result "0-1"]
[WhiteCountry "ARG"]
[BlackCountry "CAN"]
[WhiteElo "2212"]
[WhiteRD "92"]
[BlackElo "2257"]
[BlackRD "56"]
[GameID "375336"]

1. c4 f5 2. d4 Nf6 3. g3 e6 4. Bg2 Be7 5. Nh3 O-O 6. O-O d5 7. b3 c5 8. cxd5 Nxd5 9. Bb2 Bf6 10. Qd2 cxd4
11. Bxd4 Nf4 12. Bxf6 Qxd2 13. Nxd2 Nxe2+ 14. Kh1 gxf6 15. Rfe1 Nd4 16. Rac1 Nbc6 17. Nf4 e5 18. Nd5 Be6 19. Nc7 Rac8 20. Nxe6 Nxe6
21. Bxc6 Rxc6 22. Rxc6 bxc6 23. Rc1 c5 24. Nf3 Rd8 25. Kg2 e4 26. Nh4 f4 27. Nf5 f3+ 28. Kf1 Rd2 29. a4 Nd4 30. Ne3 Nxb3
31. Rb1 Ra2 32. Kg1 Nd4
0-1

[Event "February 1800+"]
[Site "SchemingMind.com"]
[Date "2015.02.24"]
[Round "-"]
[White "David Perna-Fraser"]
[Black "Mirta Crevani"]
[Result "1-0"]
[WhiteCountry "CAN"]
[BlackCountry "ARG"]
[WhiteElo "2273"]
[WhiteRD "57"]
[BlackElo "2148"]
[BlackRD "87"]
[GameID "375337"]

1. e4 c6 2. d4 d5 3. exd5 cxd5 4. Nf3 Nc6 5. Bf4 Bf5 6. Nc3 e6 7. Ne5 Nxe5 8. Bxe5 a6 9. Bd3 Ne7 10. O-O Bxd3
11. Qxd3 Nc6 12. Qg3 Nxe5 13. dxe5 g6 14. Ne2 Bc5 15. h4 h5 16. Rfd1 Be7 17. c4 Bxh4 18. Qb3 O-O 19. cxd5 exd5 20. Rxd5 Qe7
21. Rad1 Rfd8 22. g3 Bg5 23. f4 Bh6 24. Rd6 Bg7 25. Nc3 b5 26. Rxg6 Rxd1+ 27. Nxd1 Qc5+ 28. Nf2 Rd8 29. Rg5 h4 30. Qf3 h3
31. Kh2 Rd2 32. Qa8+ Qf8 33. Qa7 Rxb2 34. Kxh3 Rxa2 35. Ne4 Ra1 36. Nf6+ Kh8 37. Rh5+ Bh6 38. e6
1-0

[Event "February 1800+"]
[Site "SchemingMind.com"]
[Date "2015.02.24"]
[Round "-"]
[White "John Hamer"]
[Black "David Perna-Fraser"]
[Result "0-1"]
[WhiteCountry "ENG"]
[BlackCountry "CAN"]
[WhiteElo "2011"]
[WhiteRD "69"]
[BlackElo "2257"]
[BlackRD "56"]
[GameID "375338"]

1. e4 e5 2. Nf3 Nf6 3. d4 Nxe4 4. Bd3 d5 5. dxe5 Be7 6. O-O O-O 7. c4 c6 8. Qc2 Na6 9. Bxe4 dxe4 10. Qxe4 Nc5
11. Qe3 Qd3 12. b4 Qxe3 13. Bxe3 Nd3 14. a3 f6 15. exf6 Bxf6 16. Ra2 Be6 17. Nbd2 a5 18. bxa5 Rxa5 19. Bd4 Be7 20. Rb1 b5
21. Rc2 c5 22. Bc3 b4 23. axb4 cxb4 24. Nb3 Ra3 25. Ba1 Rfa8 26. Bd4 Bf5 27. Re2 Bf8 28. Re3 Ne5 29. Rc1 Ng4
0-1

[Event "February 1800+"]
[Site "SchemingMind.com"]
[Date "2015.02.24"]
[Round "-"]
[White "David Perna-Fraser"]
[Black "John Hamer"]
[Result "1/2-1/2"]
[WhiteCountry "CAN"]
[BlackCountry "ENG"]
[WhiteElo "2257"]
[WhiteRD "56"]
[BlackElo "2011"]
[BlackRD "69"]
[GameID "375339"]

1. e4 c6 2. d4 d5 3. exd5 cxd5 4. Nf3 Nf6 5. Ne5 Nc6 6. Nc3 a6 7. Bf4 e6 8. Be2 Bd6 9. Qd2 Qc7 10. Qe3 O-O
11. O-O-O b5 12. a3 b4 13. axb4 Nxb4 14. Bd3 Rb8 15. Bg3 Qb6 16. b3 Qc7 17. Kb1 Bb7 18. Rc1 Rfc8 19. Na4 Ba8 20. Rhe1 Qa7
21. Nxf7 Bxg3 22. Ng5 Nxd3 23. Qxe6+ Kf8 24. cxd3 Re8 25. Qf5 Rxe1 26. Nxh7+ Kf7 27. Rxe1 Bh4 28. Nxf6 Bxf6 29. Qe6+ Kg6 30. Qg4+ Kh7=
1/2-1/2

[Event "February 1800+"]
[Site "SchemingMind.com"]
[Date "2015.02.24"]
[Round "-"]
[White "Karsten Kjeldsen"]
[Black "David Perna-Fraser"]
[Result "1/2-1/2"]
[WhiteCountry "DEN"]
[BlackCountry "CAN"]
[WhiteElo "2283"]
[WhiteRD "82"]
[BlackElo "2273"]
[BlackRD "57"]
[GameID "375340"]

1. b3 f5 2. Bb2 Nf6 3. Nf3 e6 4. g3 Be7 5. Bg2 O-O 6. O-O d6 7. d4 Ne4 8. Nbd2 Bd7 9. Nxe4 fxe4 10. Ne1 d5
11. f3 Bc6 12. fxe4 dxe4 13. Rxf8+ Qxf8 14. Bh3 Qf7 15. Ng2 Bd6 16. e3 Nd7 17. Nf4 Bxf4 18. exf4 Nf6 19. c4 Qe7 20. Qe2 a5
21. Rf1 a4 22. b4 Be8 23. a3 Bg6 24. Bg2 Bh5 25. Qc2 Bg6 26. h3 h5 27. Bc1 Qd6 28. Be3 Bf5 29. Rc1 Kf7 30. Bf1 c6
31. Kg2 Qd7 32. Kf2 Rd8 33. Rd1 b5 34. Rc1 h4 35. g4 Bxg4 36. cxb5 cxb5 37. Qc7 Bf5 38. Bxb5 Qxc7 39. Rxc7+ Kf8 40. Bf1=
1/2-1/2

[Event "February 1800+"]
[Site "SchemingMind.com"]
[Date "2015.02.24"]
[Round "-"]
[White "David Perna-Fraser"]
[Black "Karsten Kjeldsen"]
[Result "1/2-1/2"]
[WhiteCountry "CAN"]
[BlackCountry "DEN"]
[WhiteElo "2273"]
[WhiteRD "57"]
[BlackElo "2283"]
[BlackRD "82"]
[GameID "375341"]

1. e4 c5 2. Nf3 Nf6 3. e5 Nd5 4. Nc3 e6 5. Nxd5 exd5 6. d4 Nc6 7. dxc5 Bxc5 8. Qxd5 Qb6 9. Bc4 Bxf2+ 10. Ke2 O-O
11. Rf1 Bc5 12. Ng5 Nd4+ 13. Kd1 Ne6 14. Ne4 Be7 15. c3 Qc7 16. Nd6 b6 17. Qxa8 Bxd6 18. Bxe6 fxe6 19. Rxf8+ Bxf8 20. Qe4 Bb7
21. Qe2 Bd5 22. Kc2 Bc4 23. Qg4 Bd5 24. Qf4 Bxg2 25. b3 Qb7= 26. Kb2 Be4 27. Be3 Qa6 28. Rf1 Bf5 29. c4 Bb4 30. a4 Qb7
31. Qf3 Qc7 32. Bd4 h6 33. Rg1 Qd8 34. Qg2 Bf8 35. Ka2 a6 36. Qe2 Qc7 37. Bb2 Qc6 38. h4 Be7 39. h5 Bc5 40. Rd1 a5
41. Ba3 Be4 42. Qh2 Bf3 43. Rd3 Bxa3 44. Kxa3 Qc5+ 45. Kb2 Bc6 46. Qg3 Qb4 47. Ka2 Qf8 48. Qe3 Qf5 49. Qe2=
1/2-1/2

[Event "February 1800+"]
[Site "SchemingMind.com"]
[Date "2015.02.24"]
[Round "-"]
[White "Kent"]
[Black "David Perna-Fraser"]
[Result "1-0"]
[WhiteCountry "USA"]
[BlackCountry "CAN"]
[WhiteElo "2174"]
[WhiteRD "61"]
[BlackElo "2257"]
[BlackRD "58"]
[GameID "375342"]

1. d4 f5 2. Bg5 h6 3. Bh4 g5 4. e4 Nf6 5. e5 e6 6. exf6 Qxf6 7. Bg3 f4 8. Be2 c5 9. Bh5+ Kd8 10. Nf3 fxg3
11. fxg3 cxd4 12. O-O Nc6 13. c3 Bc5 14. Nxd4 Bxd4+ 15. Kh1 Bf2 16. Nd2 g4 17. Bxg4 h5 18. Bh3 h4 19. Ne4 Qg6 20. Nxf2 hxg3
21. Ng4 Kc7 22. Qf3 gxh2 23. Rad1 b6 24. Qf4+ Kb7 25. b4 Rh4 26. b5 Ne7 27. Qf3+ d5 28. c4
1-0

[Event "February 1800+"]
[Site "SchemingMind.com"]
[Date "2015.02.24"]
[Round "-"]
[White "David Perna-Fraser"]
[Black "Kent"]
[Result "1-0"]
[WhiteCountry "CAN"]
[BlackCountry "USA"]
[WhiteElo "2257"]
[WhiteRD "58"]
[BlackElo "2174"]
[BlackRD "61"]
[GameID "375343"]

1. e4 e6 2. d4 d5 3. exd5 exd5 4. Nf3 Nc6 5. Be2 Bd6 6. O-O Nge7 7. c4 dxc4 8. Bxc4 O-O 9. Nc3 Bg4 10. h3 Bh5
11. g4 Bg6 12. Re1 h6 13. a3 Nc8 14. d5 N6e7 15. b3 Nb6 16. Bb2 a6 17. Ne4 Bxe4 18. Qd4 f6 19. Qxe4 Qd7 20. Bd3 f5
21. gxf5 Nexd5 22. Nd4 Rae8 23. Ne6 Nf4 24. Re3 Nbd5 25. Rf3 Nxd3 26. Qxd3 Rf7 27. Rd1 c6 28. Kh1 Rxe6 29. fxe6 Qxe6 30. Rg1 Bf4
31. Rg6 Qe1+ 32. Kg2 Qe7 33. Qd4 Kh7 34. Rg4 Bg5 35. Rxf7 Qxf7 36. Qe4+ Kg8 37. Rg3 Bf6 38. Bxf6 Nxf6 39. Qf5 Qc7 40. Qe6+ Kh7
41. h4
1-0

[Event "February 1800+"]
[Site "SchemingMind.com"]
[Date "2015.02.24"]
[Round "-"]
[White "Stephen Woodhouse"]
[Black "David Perna-Fraser"]
[Result "0-1"]
[WhiteCountry "ENG"]
[BlackCountry "CAN"]
[WhiteElo "1883"]
[WhiteRD "48"]
[BlackElo "2265"]
[BlackRD "58"]
[GameID "375344"]

1. e4 e5 2. Nf3 Nf6 3. d4 exd4 4. e5 Ne4 5. Bd3 Bb4+ 6. Nbd2 Nc5 7. O-O Nxd3 8. cxd3 Nc6 9. Nb3 O-O 10. Bd2 Bxd2
11. Qxd2 d6 12. Qf4 dxe5 13. Nxe5 Qd6 14. Rfe1 f6 15. Ng6 hxg6
0-1

[Event "February 1800+"]
[Site "SchemingMind.com"]
[Date "2015.02.24"]
[Round "-"]
[White "David Perna-Fraser"]
[Black "Stephen Woodhouse"]
[Result "1-0"]
[WhiteCountry "CAN"]
[BlackCountry "ENG"]
[WhiteElo "2257"]
[WhiteRD "58"]
[BlackElo "1859"]
[BlackRD "49"]
[GameID "375345"]

1. e4 e6 2. d4 d5 3. exd5 exd5 4. Nf3 Bd6 5. Bd3 Ne7 6. Nc3 O-O 7. O-O c6 8. Re1 Bf5 9. h4 Nd7 10. Rxe7 Bxd3
11. Rxd7 Qxd7 12. Qxd3 Rae8 13. Bd2 Re7 14. Nd1 Rfe8 15. Ne3 g6 16. h5 Qc7 17. hxg6 hxg6 18. Ng4 Re6 19. Ng5
1-0

[Event "February 1800+"]
[Site "SchemingMind.com"]
[Date "2015.02.24"]
[Round "-"]
[White "David Perna-Fraser"]
[Black "Ramesh Panwar"]
[Result "1/2-1/2"]
[WhiteCountry "CAN"]
[BlackCountry "IND"]
[WhiteElo "2257"]
[WhiteRD "58"]
[BlackElo "2354"]
[BlackRD "56"]
[GameID "375346"]

1. e4 e5 2. Nf3 Nc6 3. Bc4 Be7 4. d4 exd4 5. O-O Nf6 6. Nxd4 O-O 7. Nc3 Bc5 8. Be3 Ne5 9. Be2 d6 10. h3 Re8
11. a3 a6 12. Qd2 Ng6 13. Bd3 Bd7 14. Rfe1 Nh4 15. Nf5 Bxe3 16. Rxe3 Nxf5 17. exf5 Rxe3 18. Qxe3 Bc6 19. Re1 Qd7 20. Qd4 h6
21. Re3 b5 22. b4 Bb7 23. Ne4 Bxe4 24. Bxe4 Rc8 25. Rg3= Kf8 26. Re3 c5 27. bxc5 dxc5 28. Qxd7 Nxd7 29. Bb7 Rb8 30. Bxa6 c4
31. a4 bxa4=
1/2-1/2

[Event "February 1800+"]
[Site "SchemingMind.com"]
[Date "2015.02.24"]
[Round "-"]
[White "Ramesh Panwar"]
[Black "David Perna-Fraser"]
[Result "1-0"]
[WhiteCountry "IND"]
[BlackCountry "CAN"]
[WhiteElo "2354"]
[WhiteRD "56"]
[BlackElo "2257"]
[BlackRD "58"]
[GameID "375347"]

1. d4 Nf6 2. Nf3 g6 3. c4 c5 4. d5 d6 5. Nc3 Bg7 6. h3 O-O 7. e4 e6 8. Bd3 exd5 9. cxd5 b5 10. Nxb5 Re8
11. O-O Nxe4 12. Re1 a6 13. Nc3 Nxc3 14. Rxe8+ Qxe8 15. bxc3 Bxc3 16. Rb1 Nd7 17. Qa4 Nf6 18. Qc4 Ba5 19. Bg5 Nh5 20. g4 Ng7
21. Qf4 Qd7 22. Nd2 Bd8 23. Bh6 Ne8 24. Ne4 Qc7 25. Re1 Bd7 26. Re3 Rb8 27. Bxa6 Rb6 28. Bc4 Rb4 29. Ng5 Nf6 30. a3 Ra4
31. Ne6 Rxc4 32. Qxc4 fxe6 33. dxe6
1-0